|
|
|
|
| LEADER |
00000cas a2200000 a 4500 |
| 001 |
vtls001466857 |
| 003 |
SK-MaSNL |
| 005 |
20260425194309.0 |
| 008 |
141114d19912023xo wr ne 0 0b0slo |
| 022 |
|
|
|a 1335-650X
|
| 035 |
|
|
|a SNK000422162
|
| 035 |
|
|
|a (SVKBB03)vtls000046784
|
| 040 |
|
|
|a SNK
|b slo
|c SNK
|d SAVUK
|e AACR2
|
| 041 |
0 |
|
|a slo
|
| 043 |
|
|
|a e-xo---
|
| 044 |
|
|
|a xo
|c SK
|
| 072 |
|
7 |
|a 352/354
|x Stupne miestnej, oblastnej a ústrednej správy
|2 konspekt
|
| 072 |
|
7 |
|a 394
|x Verejný a spoločenský život. Každodenný život
|2 konspekt
|
| 080 |
|
|
|a 352:328/329
|2 2011
|
| 080 |
|
|
|a 352
|2 2011
|
| 080 |
|
|
|a 394
|2 2011
|
| 080 |
|
|
|a 37.0
|2 2011
|
| 080 |
|
|
|a 050
|2 2011
|
| 080 |
|
|
|a (437.6)
|2 2011
|
| 080 |
|
|
|a (051)+(054)(437.6)
|2 2011
|
| 210 |
0 |
|
|a Obecné nov.
|b (Bratisl.)
|
| 222 |
|
0 |
|a Obecné noviny
|b (Bratislava)
|
| 245 |
0 |
0 |
|a Obecné noviny
|b týždenník miest a obcí
|
| 260 |
|
|
|a Bratislava
|b Obecné noviny
|c 1991-2023
|
| 260 |
3 |
|
|3 4/1994-
|a Bratislava
|b Inprost, spol. s r.o.
|
| 300 |
|
|
|a zv.
|c 32-39 cm
|
| 310 |
|
|
|a 1x týždenne
|
| 362 |
0 |
|
|a Roč. 1, č. 1 (1991)-
|
| 500 |
|
|
|a Redaktori sa menia
|
| 500 |
|
|
|a Od č. 42/2011 rozmer zv. 39 cm
|
| 500 |
|
|
|a Registračné číslo MK SR: EV 3772/09
|
| 500 |
|
|
|a Vychádza pri Združení miest a obcí Slovenska ako odborno-metodický týždenník pre komunálnu sféru
|
| 500 |
|
|
|a Jednotlivé čísla vychádzajú ako dvojčíslo
|
| 500 |
|
|
|a č.16/2023 posledné v tlačenej podobe. Vychádza už iba on line na odkaze: https://www.obecne-noviny.sk/
|
| 525 |
|
|
|a Má samostatnú prílohu: Rukoväť samosprávy
|
| 650 |
0 |
7 |
|a miestna správa
|2 SNKPH
|9 29496
|
| 650 |
0 |
7 |
|a komunálna politika
|2 SNKPH
|9 85549
|
| 650 |
0 |
7 |
|a kultúra
|2 SNKPH
|9 886
|
| 650 |
0 |
7 |
|a vzdelávanie
|2 SNKPH
|9 4033
|
| 651 |
|
7 |
|a Slovensko
|2 SNKPHgeo
|9 14231
|
| 655 |
|
7 |
|a regionálne periodiká
|2 SNKPH
|9 131775
|
| 770 |
0 |
|
|t Rukoväť samosprávy
|x 1335-6518
|
| 852 |
|
|
|a Štátna vedecká knižnica v Banskej Bystrici
|
| 856 |
4 |
1 |
|u https://www.obecne-noviny.sk/
|
| 910 |
|
|
|a snk
|
| 910 |
|
|
|a savuk
|
| 916 |
|
|
|a 1991-2013, 2014-2018, 1-26/2019-2020
|
| 999 |
|
|
|c 9876
|d 11806
|
| 952 |
|
|
|t č. 1-52
|a SNK
|b SNK
|y PREZ
|7 0
|p 17A0223725
|o snkČSB 4075/7/1997 D1
|0 0
|1 0
|4 0
|d 2000-01-13
|l 0
|r 2005-01-02 00:00:00
|w 2026-02-21
|
| 952 |
|
|
|t č. 27-52, neúplné
|a SNK
|b SNK
|y PREZ
|7 0
|p 17A1461055
|o snkČSB 4075/29/2019/2
|i snk2021/14732
|8 0
|z Chýba č. 33,34
|f 1
|0 0
|1 0
|4 0
|d 2021-10-07
|l 0
|r 2026-02-21 19:29:14
|w 2026-02-21
|
| 952 |
|
|
|t č. 1-52
|a SNK
|b SNK
|y PREZ
|7 0
|p 17A0152130
|o snkČSB 4075/7/1997
|i snkČSP 1513/99
|f 1
|0 0
|1 0
|4 0
|d 2000-04-01
|l 0
|r 2005-01-02 00:00:00
|w 2026-02-21
|
| 952 |
|
|
|t č. 1-26
|a SNK
|b SNK
|y PREZ
|7 0
|p 17A0233414
|o snkČSB 4075/4/1994/1
|i snkČSP 135/96
|f 1
|0 0
|1 0
|4 0
|d 2000-04-05
|l 0
|r 2005-01-02 00:00:00
|w 2026-02-21
|
| 952 |
|
|
|t č. 1-26
|a SNK
|b SNK
|y PREZ
|7 0
|p 17A0362076
|o snkČSB 4075/5/1995/1
|i snkČSP 130/98
|f 1
|0 0
|1 0
|4 0
|d 2002-10-26
|l 0
|r 2005-01-02 00:00:00
|w 2026-02-21
|
| 952 |
|
|
|t č. 1-52
|a SNK
|b SNK
|y PREZ
|7 0
|p 17A0661515
|o snkČSB 4075/14/2004
|i snk2010/19261
|8 0
|f 1
|0 0
|1 0
|4 0
|d 2010-09-07
|l 0
|r 2026-02-21 19:55:07
|w 2026-02-21
|
| 952 |
|
|
|t č. 1-52
|a SNK
|b SNK
|y PREZ
|7 0
|p 17A0661516
|o snkČSB 4075/14/2004 D1
|i snk2010/19265
|8 0
|0 0
|1 0
|4 0
|d 2010-09-07
|l 0
|r 2026-02-21 20:08:55
|w 2026-02-21
|
| 952 |
|
|
|t č. 27-52
|a SNK
|b SNK
|y PREZ
|7 0
|p 17A0362221
|o snkČSB 4075/5/1995/2 D1
|0 0
|1 0
|4 0
|d 2002-10-26
|l 0
|r 2005-01-02 00:00:00
|w 2026-02-21
|
| 952 |
|
|
|t č. 1-26, neúplné
|a SNK
|b SNK
|y PREZ
|7 0
|p 17A1465727
|o snkČSB 4075/30/2020/1 D1
|i snk2023/4879
|8 0
|z Chýba č. 21-22
|0 0
|1 0
|4 0
|d 2023-03-22
|l 0
|r 2026-02-21 20:17:48
|w 2026-02-21
|
| 952 |
|
|
|t č. 27-52
|a SNK
|b SNK
|y PREZ
|7 0
|p 17A1465728
|o snkČSB 4075/30/2020/2 D1
|i snk2023/4885
|8 0
|0 0
|1 0
|4 0
|d 2023-03-22
|l 0
|r 2026-02-21 20:17:48
|w 2026-02-21
|
| 952 |
|
|
|t č. 1-26
|a SNK
|b SNK
|y PREZ
|7 0
|p 17A0540328
|o snkČSB 4075/4/1994/1 D1
|i snkČSP 136/96
|3 rekatalogizácia
|0 0
|1 0
|4 0
|d 2007-02-20
|l 0
|r 2026-02-21 20:19:48
|w 2026-02-21
|
| 952 |
|
|
|t č. 27-52
|a SNK
|b SNK
|y PREZ
|7 0
|p 17A0540327
|o snkČSB 4075/4/1994/2 D1
|i snkČSP 138/96
|3 rekatalogizácia
|0 0
|1 0
|4 0
|d 2007-02-20
|l 0
|r 2026-02-21 20:19:48
|w 2026-02-21
|
| 952 |
|
|
|t č. 1-25
|a SNK
|b SNK
|y PREZ
|7 0
|p 17A0080315
|o snkČSB 4075/1/1991/1 D1
|0 0
|1 0
|4 0
|d 1997-07-15
|l 0
|r 2005-01-02 00:00:00
|w 2026-02-21
|
| 952 |
|
|
|t č. 1-25
|a SNK
|b SNK
|y PREZ
|7 0
|p 17A0182851
|o snkČSB 4075/1/1991/1
|i snkČSP 2568/92
|f 1
|0 0
|1 0
|4 0
|d 1999-03-13
|l 0
|r 2005-01-02 00:00:00
|w 2026-02-21
|
| 952 |
|
|
|t č. 1-52
|a SNK
|b SNK
|y PREZ
|7 0
|p 17A0379536
|o snkČSB 4075/10/2000
|i snkČSP 1407/2002
|f 1
|0 0
|1 0
|4 0
|d 2003-04-09
|l 0
|r 2005-01-02 00:00:00
|w 2026-02-21
|
| 952 |
|
|
|t č. 1-52, + pril.
|a SNK
|b SNK
|y PREZ
|7 0
|p 17A0394770
|o snkČSB 4075/11/2001
|i snkČSP 894/2003
|z Príloha Decentralizácia - šanca pre občanov Slovenska (č. 20/2001) ; Príloha Slovensko a reforma verejnej správy (č. 28/2001)
|f 1
|0 0
|1 0
|4 0
|d 2003-08-25
|l 0
|r 2005-01-02 00:00:00
|w 2026-02-21
|
| 952 |
|
|
|t č. 1-52
|a SNK
|b SNK
|y PREZ
|7 0
|p 17A0427258
|o snkČSB 4075/11/2001 D1
|i snkČSP 895/2003
|0 0
|1 0
|4 0
|d 2004-05-19
|l 0
|r 2005-01-02 00:00:00
|w 2026-02-21
|
| 952 |
|
|
|t č. 26-52
|a SNK
|b SNK
|y PREZ
|7 0
|p 17A0080451
|o snkČSB 4075/1/1991/2 D1
|0 0
|1 0
|4 0
|d 1997-07-15
|l 0
|r 2005-01-02 00:00:00
|w 2026-02-21
|
| 952 |
|
|
|t č. 1-52
|a SNK
|b SNK
|y PREZ
|7 0
|p 17A0358194
|o snkČSB 4075/10/2000 D1
|0 0
|1 0
|4 0
|d 2002-09-28
|l 0
|r 2005-01-02 00:00:00
|w 2026-02-21
|
| 952 |
|
|
|t č. 1-26
|a SNK
|b SNK
|y PREZ
|7 0
|p 17A0925294
|o snkČSB 4075/3/1993/1
|i snkČSP 131/96
|f 1
|0 0
|1 0
|4 0
|d 2014-11-11
|l 0
|r 2026-02-21 20:32:43
|w 2026-02-21
|
| 952 |
|
|
|t č. 27-52
|a SNK
|b SNK
|y PREZ
|7 0
|p 17A0925207
|o snkČSB 4075/4/1994/2
|i snkČSP 137/98
|f 1
|0 0
|1 0
|4 0
|d 2014-11-11
|l 0
|r 2026-02-21 20:32:43
|w 2026-02-21
|
| 952 |
|
|
|t č. 26-52
|a SNK
|b SNK
|y PREZ
|7 0
|p 17A0925296
|o snkČSB 4075/1/1991/2
|i snkČSP 2570/92
|f 1
|0 0
|1 0
|4 0
|d 2014-11-11
|l 0
|r 2026-02-21 20:32:43
|w 2026-02-21
|
| 952 |
|
|
|t č. 1-52
|a SNK
|b SNK
|y PREZ
|7 0
|p 17A0999154
|o snkČSB 4075/13/2003
|i snkČSP 2043/2004
|f 1
|0 0
|1 0
|4 0
|d 2014-11-11
|l 0
|r 2026-02-21 20:32:43
|w 2026-02-21
|
| 952 |
|
|
|t č. 27-52
|a SNK
|b SNK
|y PREZ
|7 0
|p 17A0925209
|o snkČSB 4075/5/1995/2
|i snkČSP 132/98
|f 1
|0 0
|1 0
|4 0
|d 2014-11-11
|l 0
|r 2026-02-21 20:32:43
|w 2026-02-21
|
| 952 |
|
|
|t č. 1-26
|a SNK
|b SNK
|y PREZ
|7 3
|p 17A1089345
|o snkČSB 4075/22/2012/1
|i snk2014/24809
|8 0
|f 1
|0 0
|1 0
|4 0
|d 2014-11-12
|l 0
|r 2026-02-21 20:32:57
|w 2026-02-21
|
| 952 |
|
|
|t č. 1-26
|a SNK
|b SNK
|y PREZ
|7 0
|p 17A1089346
|o snkČSB 4075/22/2012/1 D1
|i snk2014/24812
|8 0
|0 0
|1 0
|4 0
|d 2014-11-12
|l 0
|r 2026-02-21 20:32:57
|w 2026-02-21
|
| 952 |
|
|
|t č. 27-52
|a SNK
|b SNK
|y PREZ
|7 3
|p 17A1089347
|o snkČSB 4075/22/2012/2
|i snk2014/24813
|8 0
|f 1
|0 0
|1 0
|4 0
|d 2014-11-12
|l 0
|r 2026-02-21 20:32:57
|w 2026-02-21
|
| 952 |
|
|
|t č. 27-52
|a SNK
|b SNK
|y PREZ
|7 0
|p 17A1089348
|o snkČSB 4075/22/2012/2 D1
|i snk2014/24817
|8 0
|0 0
|1 0
|4 0
|d 2014-11-12
|l 0
|r 2026-02-21 20:32:57
|w 2026-02-21
|
| 952 |
|
|
|t č. 1-26
|a SNK
|b SNK
|y PREZ
|7 3
|p 17A1089341
|o snkČSB 4075/23/2013/1
|i snk2014/24822
|8 0
|f 1
|0 0
|1 0
|4 0
|d 2014-11-12
|l 0
|r 2026-02-21 20:32:57
|w 2026-02-21
|
| 952 |
|
|
|t č. 1-26
|a SNK
|b SNK
|y PREZ
|7 0
|p 17A1089342
|o snkČSB 4075/23/2013/1 D1
|i snk2014/24832
|8 0
|0 0
|1 0
|4 0
|d 2014-11-12
|l 0
|r 2026-02-21 20:32:57
|w 2026-02-21
|
| 952 |
|
|
|t č. 27-52
|a SNK
|b SNK
|y PREZ
|7 3
|p 17A1089343
|o snkČSB 4075/23/2013/2
|i snk2014/24835
|8 0
|f 1
|0 0
|1 0
|4 0
|d 2014-11-12
|l 0
|r 2026-02-21 20:32:58
|w 2026-02-21
|
| 952 |
|
|
|t č. 27-52
|a SNK
|b SNK
|y PREZ
|7 0
|p 17A1089344
|o snkČSB 4075/23/2013/2 D1
|i snk2014/24839
|8 0
|0 0
|1 0
|4 0
|d 2014-11-12
|l 0
|r 2026-02-21 20:32:58
|w 2026-02-21
|
| 952 |
|
|
|t č. 1-52
|a SNK
|b SNK
|y PREZ
|7 0
|p 17A0250903
|o snkČSB 4075/6/1996 D1
|0 0
|1 0
|4 0
|d 2000-08-28
|l 0
|r 2005-01-02 00:00:00
|w 2026-02-21
|
| 952 |
|
|
|t č. 1-52
|a SNK
|b SNK
|y PREZ
|7 0
|p 17A1055398
|o snkČSB 4075/19/2009
|i snk2012/21781
|8 0
|f 1
|0 0
|1 0
|4 0
|d 2012-10-26
|l 0
|r 2026-02-21 20:50:32
|w 2026-02-21
|
| 952 |
|
|
|t č. 1-52
|a SNK
|b SNK
|y PREZ
|7 0
|p 17A1055216
|o snkČSB 4075/19/2009 D1
|i snk2012/21782
|8 0
|0 0
|1 0
|4 0
|d 2012-10-26
|l 0
|r 2026-02-21 20:50:33
|w 2026-02-21
|
| 952 |
|
|
|t č. 1-52
|a SNK
|b SNK
|y PREZ
|7 0
|p 17A1055213
|o snkČSB 4075/17/2007
|i snk2012/21783
|8 0
|f 1
|0 0
|1 0
|4 0
|d 2012-10-26
|l 0
|r 2026-02-21 20:50:33
|w 2026-02-21
|
| 952 |
|
|
|t č. 1-52
|a SNK
|b SNK
|y PREZ
|7 0
|p 17A1055214
|o snkČSB 4075/17/2007 D1
|i snk2012/21784
|8 0
|0 0
|1 0
|4 0
|d 2012-10-26
|l 0
|r 2026-02-21 20:50:33
|w 2026-02-21
|
| 952 |
|
|
|t č. 1-52
|a SNK
|b SNK
|y PREZ
|7 0
|p 17A1055222
|o snkČSB 4075/21/2011
|i snk2012/21785
|8 0
|z od čísla 42 nový formát ""A""
|f 1
|0 0
|1 0
|4 0
|d 2012-10-26
|l 0
|r 2026-02-21 20:50:33
|w 2026-02-21
|
| 952 |
|
|
|t č. 1-52
|a SNK
|b SNK
|y PREZ
|7 0
|p 17A1055221
|o snkČSB 4075/21/2011 D1
|i snk2012/21786
|8 0
|z od čísla 42 nový formát ""A""
|0 0
|1 0
|4 0
|d 2012-10-26
|l 0
|r 2026-02-21 20:50:33
|w 2026-02-21
|
| 952 |
|
|
|t č. 1-52
|a SNK
|b SNK
|y PREZ
|7 0
|p 17A1055218
|o snkČSB 4075/18/2008
|i snk2012/21787
|8 0
|f 1
|0 0
|1 0
|4 0
|d 2012-10-26
|l 0
|r 2026-02-21 20:50:33
|w 2026-02-21
|
| 952 |
|
|
|t č. 1-52
|a SNK
|b SNK
|y PREZ
|7 0
|p 17A1055215
|o snkČSB 4075/18/2008 D1
|i snk2012/21788
|8 0
|0 0
|1 0
|4 0
|d 2012-10-26
|l 0
|r 2026-02-21 20:50:33
|w 2026-02-21
|
| 952 |
|
|
|t č. 1-52
|a SNK
|b SNK
|y PREZ
|7 0
|p 17A1055217
|o snkČSB 4075/20/2010
|i snk2012/21789
|8 0
|f 1
|0 0
|1 0
|4 0
|d 2012-10-26
|l 0
|r 2026-02-21 20:50:33
|w 2026-02-21
|
| 952 |
|
|
|t č. 1-52
|a SNK
|b SNK
|y PREZ
|7 0
|p 17A1055219
|o snkČSB 4075/20/2010 D1
|i snk2012/21790
|8 0
|0 0
|1 0
|4 0
|d 2012-10-26
|l 0
|r 2026-02-21 20:50:33
|w 2026-02-21
|
| 952 |
|
|
|t č. 1-52
|a SNK
|b SNK
|y PREZ
|7 0
|p 17A0319193
|o snkČSB 4075/8/1998 D1
|0 0
|1 0
|4 0
|d 2001-10-22
|l 0
|r 2005-01-02 00:00:00
|w 2026-02-21
|
| 952 |
|
|
|t č. 1-52
|a SNK
|b SNK
|y PREZ
|7 0
|p 17A0319008
|o snkČSB 4075/8/1998
|i snkČSP 2329/2000
|f 1
|0 0
|1 0
|4 0
|d 2001-10-22
|l 0
|r 2005-01-02 00:00:00
|w 2026-02-21
|
| 952 |
|
|
|t č. 1-52
|a SNK
|b SNK
|y PREZ
|7 0
|p 17A0394692
|o snkČSB 4075/9/1999
|i snkČSP 1750/2002
|f 1
|0 0
|1 0
|4 0
|d 2003-08-22
|l 0
|r 2005-01-02 00:00:00
|w 2026-02-21
|
| 952 |
|
|
|t č. 1-52
|a SNK
|b SNK
|y PREZ
|7 0
|p 17A0436337
|o snkČSB 4075/9/1999 D1
|i snkČSP 1751/2002
|0 0
|1 0
|4 0
|d 2004-09-21
|l 0
|r 2005-01-02 00:00:00
|w 2026-02-21
|
| 952 |
|
|
|t č. 1-52
|a SNK
|b SNK
|y PREZ
|7 0
|p 17A0556129
|o snkČSB 4075/15/2005
|i snk2007/19068
|8 0
|f 1
|0 0
|1 0
|4 0
|d 2007-08-20
|l 0
|r 2026-02-21 21:00:53
|w 2026-02-21
|
| 952 |
|
|
|t č. 1-52
|a SNK
|b SNK
|y PREZ
|7 0
|p 17A0500251
|o snkČSB 4075/15/2005 D1
|i snk2007/19069
|8 0
|0 0
|1 0
|4 0
|d 2007-08-20
|l 0
|r 2026-02-21 21:00:54
|w 2026-02-21
|
| 952 |
|
|
|t č. 1-52
|a SNK
|b SNK
|y PREZ
|7 0
|p 17A0556131
|o snkČSB 4075/16/2006
|i snk2007/19070
|8 0
|f 1
|0 0
|1 0
|4 0
|d 2007-08-20
|l 0
|r 2026-02-21 21:00:54
|w 2026-02-21
|
| 952 |
|
|
|t č. 1-52
|a SNK
|b SNK
|y PREZ
|7 0
|p 17A0556132
|o snkČSB 4075/16/2006 D1
|i snk2007/19071
|8 0
|0 0
|1 0
|4 0
|d 2007-08-20
|l 0
|r 2026-02-21 21:00:54
|w 2026-02-21
|
| 952 |
|
|
|t č. 1-26
|a SNK
|b SNK
|y PREZ
|7 0
|p 17A0495719
|o snkČSB 4075/5/1995/1 D1
|i snkČSP 131/98
|0 0
|1 0
|4 0
|d 2006-02-01
|l 0
|r 2026-02-21 21:09:48
|w 2026-02-21
|
| 952 |
|
|
|t č. 1-52
|a SNK
|b SNK
|y PREZ
|7 0
|p 17A0495425
|o snkČSB 4075/6/1996
|i snkČSP 2373/99
|f 1
|3 rekatalogizácia
|0 0
|1 0
|4 0
|d 2006-02-01
|l 0
|r 2026-02-21 21:09:50
|w 2026-02-21
|
| 952 |
|
|
|t č. 1-52
|a SNK
|b SNK
|y PREZ
|7 0
|p 17A0462248
|o snkČSB 4075/12/2002 D1
|i snkČSP 2046/2002
|0 0
|1 0
|4 0
|d 2005-03-30
|l 0
|r 2026-02-21 21:20:46
|w 2026-02-21
|
| 952 |
|
|
|t č. 1-52
|a SNK
|b SNK
|y PREZ
|7 0
|p 17A0481010
|o snkČSB 4075/13/2003 D1
|i snkČSP 2044/2004
|0 0
|1 0
|4 0
|d 2005-08-09
|l 0
|r 2026-02-21 21:22:03
|w 2026-02-21
|
| 952 |
|
|
|t č. 27-52
|a SNK
|b SNK
|y PREZ
|7 0
|p 17A1466144
|o snkČSB 4075/32/2022/2
|i snk2023/6577
|8 0
|0 0
|1 0
|4 0
|d 2023-04-24
|l 0
|r 2026-02-21 21:29:29
|w 2026-02-21
|
| 952 |
|
|
|t č. 1-26
|a SNK
|b SNK
|y PREZ
|7 0
|p 17A1465891
|o snkČSB 4075/31/2021/1 D1
|i snk2023/6590
|8 0
|0 0
|1 0
|4 0
|d 2023-04-24
|l 0
|r 2026-02-21 21:29:35
|w 2026-02-21
|
| 952 |
|
|
|t č. 27-52
|a SNK
|b SNK
|y PREZ
|7 0
|p 17A1465892
|o snkČSB 4075/31/2021/2 D1
|i snk2023/6591
|8 0
|0 0
|1 0
|4 0
|d 2023-04-24
|l 0
|r 2026-02-21 21:29:35
|w 2026-02-21
|
| 952 |
|
|
|t č. 1-26
|a SNK
|b SNK
|y PREZ
|7 0
|p 17A1465893
|o snkČSB 4075/32/2022/1 D1
|i snk2023/6597
|8 0
|0 0
|1 0
|4 0
|d 2023-04-24
|l 0
|r 2026-02-21 21:29:35
|w 2026-02-21
|
| 952 |
|
|
|t č. 27-52
|a SNK
|b SNK
|y PREZ
|7 0
|p 17A1465894
|o snkČSB 4075/32/2022/2 D1
|i snk2023/6598
|8 0
|0 0
|1 0
|4 0
|d 2023-04-24
|l 0
|r 2026-02-21 21:29:35
|w 2026-02-21
|
| 952 |
|
|
|t č. 1-26
|a SNK
|b SNK
|y PREZ
|7 0
|p 17A1466141
|o snkČSB 4075/31/2021/1
|i snk2023/6573
|8 0
|0 0
|1 0
|4 0
|d 2023-04-24
|l 0
|r 2026-02-21 21:29:41
|w 2026-02-21
|
| 952 |
|
|
|t č. 27-52
|a SNK
|b SNK
|y PREZ
|7 0
|p 17A1466142
|o snkČSB 4075/31/2021/2
|i snk2023/6574
|8 0
|0 0
|1 0
|4 0
|d 2023-04-24
|l 0
|r 2026-02-21 21:29:41
|w 2026-02-21
|
| 952 |
|
|
|t č. 1-26
|a SNK
|b SNK
|y PREZ
|7 0
|p 17A1466143
|o snkČSB 4075/32/2022/1
|i snk2023/6576
|8 0
|0 0
|1 0
|4 0
|d 2023-04-24
|l 0
|r 2026-02-21 21:29:41
|w 2026-02-21
|
| 952 |
|
|
|t č. 1-52, neúpl.
|a SNK
|b SNK
|y PREZ
|7 0
|p 17A0606100
|o snkČSB 4075/2/1992
|i snkČSP 535/95
|z Chýbajú. č. 43, 45, 49. ; Príloha Rukoväť samosprávy.
|f 1
|0 0
|1 0
|4 0
|d 2009-02-02
|l 0
|r 2026-02-21 21:30:19
|w 2026-02-21
|
| 952 |
|
|
|t č. 1-52, neúpl.
|a SNK
|b SNK
|y PREZ
|7 0
|p 17A0196676
|o snkČSB 4075/2/1992 D1
|z chýbajú č. 43, 45, 49
|0 0
|1 0
|4 0
|d 1999-06-23
|l 0
|r 2005-01-02 00:00:00
|w 2026-02-21
|
| 952 |
|
|
|t č. 27-52
|a SNK
|b SNK
|y PREZ
|7 0
|p 17A0250535
|o snkČSB 4075/3/1993/2
|i snkČSP 133/96
|f 1
|0 0
|1 0
|4 0
|d 2000-08-30
|l 0
|r 2005-01-02 00:00:00
|w 2026-02-21
|
| 952 |
|
|
|t č. 1-26
|a SNK
|b SNK
|y PREZ
|7 0
|p 17A0196616
|o snkČSB 4075/3/1993/1 D1
|0 0
|1 0
|4 0
|d 1999-06-23
|l 0
|r 2005-01-02 00:00:00
|w 2026-02-21
|
| 952 |
|
|
|t č. 1-26, neúplné
|a SNK
|b SNK
|y PREZ
|7 0
|p 17A1461013
|o snkČSB 4075/30/2020/1
|i snk2021/14577
|8 0
|z Chýba č. 21,22
|f 1
|0 0
|1 0
|4 0
|d 2021-10-06
|l 0
|r 2026-02-21 21:39:31
|w 2026-02-21
|
| 952 |
|
|
|t č. 27-52
|a SNK
|b SNK
|y PREZ
|7 0
|p 17A1461014
|o snkČSB 4075/30/2020/2
|i snk2021/14580
|8 0
|f 1
|0 0
|1 0
|4 0
|d 2021-10-06
|l 0
|r 2026-02-21 21:39:31
|w 2026-02-21
|
| 952 |
|
|
|t č. 1-52
|a SNK
|b SNK
|y PREZ
|7 0
|p 17A0483628
|o snkČSB 4075/12/2002
|i snkČSP 2045/2004
|f 1
|0 0
|1 0
|4 0
|d 2005-09-14
|l 0
|r 2026-02-21 21:40:13
|w 2026-02-21
|
| 952 |
|
|
|t č. 27-52
|a SNK
|b SNK
|y PREZ
|7 0
|p 17A0196212
|o snkČSB 4075/3/1993/2 D1
|0 0
|1 0
|4 0
|d 1999-06-23
|l 0
|r 2005-01-02 00:00:00
|w 2026-02-21
|
| 952 |
|
|
|t č. 1-26
|a SNK
|b SNK
|y PREZ
|7 0
|p 17A1383604
|o snkČSB 4075/28/2018/1
|i snk2019/24406
|8 0
|f 1
|0 0
|1 0
|4 0
|d 2019-09-30
|l 0
|r 2026-02-21 21:52:39
|w 2026-02-21
|
| 952 |
|
|
|t č. 27-52
|a SNK
|b SNK
|y PREZ
|7 0
|p 17A1383605
|o snkČSB 4075/28/2018/2
|i snk2019/24407
|8 0
|f 1
|0 0
|1 0
|4 0
|d 2019-09-30
|l 0
|r 2026-02-21 21:52:39
|w 2026-02-21
|
| 952 |
|
|
|t č. 1-26
|a SNK
|b SNK
|y PREZ
|7 0
|p 17A1325294
|o snkČSB 4075/26/2016/1 D1
|i snk2018/8628
|8 0
|z 2x uvedené č. 19-20 - správne č. 17-18
|0 0
|1 0
|4 0
|d 2018-04-17
|l 0
|r 2026-02-21 21:56:52
|w 2026-02-21
|
| 952 |
|
|
|t č. 27-52
|a SNK
|b SNK
|y PREZ
|7 0
|p 17A1325293
|o snkČSB 4075/26/2016/2 D1
|i snk2018/8630
|8 0
|0 0
|1 0
|4 0
|d 2018-04-17
|l 0
|r 2026-02-21 21:56:53
|w 2026-02-21
|
| 952 |
|
|
|t č. 1-26
|a SNK
|b SNK
|y PREZ
|7 0
|p 17A1325292
|o snkČSB 4075/27/2017/1
|i snk2018/8631
|8 0
|f 1
|0 0
|1 0
|4 0
|d 2018-04-17
|l 0
|r 2026-02-21 21:56:53
|w 2026-02-21
|
| 952 |
|
|
|t č. 1-26
|a SNK
|b SNK
|y PREZ
|7 0
|p 17A1325291
|o snkČSB 4075/27/2017/1 D1
|i snk2018/8632
|8 0
|0 0
|1 0
|4 0
|d 2018-04-17
|l 0
|r 2026-02-21 21:56:53
|w 2026-02-21
|
| 952 |
|
|
|t č. 27-52
|a SNK
|b SNK
|y PREZ
|7 0
|p 17A1325290
|o snkČSB 4075/27/2017/2
|i snk2018/8634
|8 0
|f 1
|0 0
|1 0
|4 0
|d 2018-04-17
|l 0
|r 2026-02-21 21:56:53
|w 2026-02-21
|
| 952 |
|
|
|t č. 27-52
|a SNK
|b SNK
|y PREZ
|7 0
|p 17A1325289
|o snkČSB 4075/27/2017/2 D1
|i snk2018/8636
|8 0
|0 0
|1 0
|4 0
|d 2018-04-17
|l 0
|r 2026-02-21 21:56:53
|w 2026-02-21
|
| 952 |
|
|
|t č. 1-26
|a SNK
|b SNK
|y PREZ
|7 0
|p 17A1387970
|o snkČSB 4075/29/2019/1
|i snk2020/8364
|8 0
|f 1
|0 0
|1 0
|4 0
|d 2020-05-26
|l 0
|r 2026-02-21 22:00:43
|w 2026-02-21
|
| 952 |
|
|
|t č. 1-26
|a SNK
|b SNK
|y PREZ
|7 0
|p 17A1387969
|o snkČSB 4075/29/2019/1 D1
|i snk2020/8365
|8 0
|0 0
|1 0
|4 0
|d 2020-05-26
|l 0
|r 2026-02-21 22:00:44
|w 2026-02-21
|
| 952 |
|
|
|t č. 1-26
|a SNK
|b SNK
|y PREZ
|7 0
|p 17A1388191
|o snkČSB 4075/28/2018/1 D1
|i snk2020/9799
|8 0
|0 0
|1 0
|4 0
|d 2020-06-08
|l 0
|r 2026-02-21 22:01:18
|w 2026-02-21
|
| 952 |
|
|
|t č. 27-52
|a SNK
|b SNK
|y PREZ
|7 0
|p 17A1388190
|o snkČSB 4075/28/2018/2 D1
|i snk2020/9800
|8 0
|0 0
|1 0
|4 0
|d 2020-06-08
|l 0
|r 2026-02-21 22:01:19
|w 2026-02-21
|
| 952 |
|
|
|t č. 1-26
|a SNK
|b SNK
|y PREZ
|7 0
|p 17A1205457
|o snkČSB 4075/24/2014/1
|i snk2017/7128
|8 0
|f 1
|0 0
|1 0
|4 0
|d 2017-03-20
|l 0
|r 2026-02-21 22:04:17
|w 2026-02-21
|
| 952 |
|
|
|t č. 1-26
|a SNK
|b SNK
|y PREZ
|7 0
|p 17A1205456
|o snkČSB 4075/24/2014/1 D1
|i snk2017/7129
|8 0
|0 0
|1 0
|4 0
|d 2017-03-20
|l 0
|r 2026-02-21 22:04:17
|w 2026-02-21
|
| 952 |
|
|
|t č. 27-52
|a SNK
|b SNK
|y PREZ
|7 0
|p 17A1205455
|o snkČSB 4075/24/2014/2
|i snk2017/7130
|8 0
|f 1
|0 0
|1 0
|4 0
|d 2017-03-20
|l 0
|r 2026-02-21 22:04:17
|w 2026-02-21
|
| 952 |
|
|
|t č. 27-52
|a SNK
|b SNK
|y PREZ
|7 0
|p 17A1205454
|o snkČSB 4075/24/2014/2 D1
|i snk2017/7131
|8 0
|0 0
|1 0
|4 0
|d 2017-03-20
|l 0
|r 2026-02-21 22:04:17
|w 2026-02-21
|
| 952 |
|
|
|t č. 1-26 + 1 príl.
|a SNK
|b SNK
|y PREZ
|7 0
|p 17A1205453
|o snkČSB 4075/25/2015/1
|i snk2017/7134
|8 0
|z Prílohy: Náš svet, naša dôstojnosť, naša budúcnosť - č. 9-10
|f 1
|0 0
|1 0
|4 0
|d 2017-03-20
|l 0
|r 2026-02-21 22:04:18
|w 2026-02-21
|
| 952 |
|
|
|t č. 1-26 + 1 príl.
|a SNK
|b SNK
|y PREZ
|7 0
|p 17A1205452
|o snkČSB 4075/25/2015/1 D1
|i snk2017/7137
|8 0
|z Prílohy: Náš svet, naša dôstojnosť, naša budúcnosť - č. 9-10
|0 0
|1 0
|4 0
|d 2017-03-20
|l 0
|r 2026-02-21 22:04:18
|w 2026-02-21
|
| 952 |
|
|
|t č. 27-52
|a SNK
|b SNK
|y PREZ
|7 0
|p 17A1205451
|o snkČSB 4075/25/2015/2
|i snk2017/7141
|8 0
|f 1
|0 0
|1 0
|4 0
|d 2017-03-20
|l 0
|r 2026-02-21 22:04:18
|w 2026-02-21
|
| 952 |
|
|
|t č. 27-52
|a SNK
|b SNK
|y PREZ
|7 0
|p 17A1205450
|o snkČSB 4075/25/2015/2 D1
|i snk2017/7143
|8 0
|0 0
|1 0
|4 0
|d 2017-03-20
|l 0
|r 2026-02-21 22:04:18
|w 2026-02-21
|
| 952 |
|
|
|t č. 1-26
|a SNK
|b SNK
|y PREZ
|7 0
|p 17A1205449
|o snkČSB 4075/26/2016/1
|i snk2017/7148
|8 0
|z Chybné číslovanie č. 19-20 má byť č. 17-18
|f 1
|0 0
|1 0
|4 0
|d 2017-03-20
|l 0
|r 2026-02-21 22:04:18
|w 2026-02-21
|
| 952 |
|
|
|t č. 27-52
|a SNK
|b SNK
|y PREZ
|7 0
|p 17A1205448
|o snkČSB 4075/26/2016/2
|i snk2017/7155
|8 0
|f 1
|0 0
|1 0
|4 0
|d 2017-03-20
|l 0
|r 2026-02-21 22:04:18
|w 2026-02-21
|